[Event "DEM U18w 2024"]
[Site "Willingen GER"]
[Date "2024.05.19"]
[Round "1"]
[White "Fischer, Darja"]
[Black "Modali, Nikhilamrutha"]
[Result "1/2-1/2"]
[Termination "normal"]
[Board "11"]
[WhiteElo "1843"]
[BlackElo "1608"]
[WhiteClock "00:04:58"]
[BlackClock "00:01:58"]
[PlyCount "72"]
[WhiteFideId "16240898"]
[BlackFideId "16282370"]
[EventCountry "GER"]
[EventRounds "9"]
[EventType "swiss"]
[EventDate "2024.05.18"]

1. d4 {[%clk 01:30:58]} {[%emt 00:00:02]} f5 {[%clk 01:30:52]} {[%emt
00:00:09]} 2. c4 {[%clk 01:30:05]} {[%emt 00:01:23]} g6 {[%clk 01:31:04]}
{[%emt 00:00:18]} 3. Nc3 {[%clk 01:30:25]} {[%emt 00:00:10]} Bg7 {[%clk
01:31:20]} {[%emt 00:00:14]} 4. g3 {[%clk 01:29:47]} {[%emt 00:01:08]} Nf6
{[%clk 01:31:30]} {[%emt 00:00:20]} 5. Bg2 {[%clk 01:30:10]} {[%emt 00:00:07]}
O-O {[%clk 01:24:27]} {[%emt 00:07:33]} 6. e3 {[%clk 01:28:14]} {[%emt
00:02:26]} Nc6 {[%clk 01:15:19]} {[%emt 00:09:38]} 7. Nge2 {[%clk 01:26:45]}
{[%emt 00:01:58]} d6 {[%clk 01:12:18]} {[%emt 00:03:33]} 8. O-O {[%clk
01:21:25]} {[%emt 00:05:49]} e5 {[%clk 01:05:12]} {[%emt 00:07:37]} 9. d5
{[%clk 01:18:56]} {[%emt 00:02:59]} Ne7 {[%clk 01:01:08]} {[%emt 00:04:34]} 10.
b3 {[%clk 01:14:17]} {[%emt 00:05:09]} c6 {[%clk 00:54:32]} {[%emt 00:07:06]}
11. Bb2 {[%clk 01:08:35]} {[%emt 00:06:11]} Bd7 {[%clk 00:44:38]} {[%emt
00:10:25]} 12. Qd2 {[%clk 01:03:52]} {[%emt 00:05:12]} a6 {[%clk 00:40:00]}
{[%emt 00:05:08]} 13. dxc6 {[%clk 01:00:04]} {[%emt 00:04:18]} Bxc6 {[%clk
00:39:30]} {[%emt 00:01:00]} 14. Rad1 {[%clk 01:00:08]} {[%emt 00:00:26]} Bxg2
{[%clk 00:34:57]} {[%emt 00:05:03]} 15. Kxg2 {[%clk 01:00:28]} {[%emt
00:00:10]} Nc8 {[%clk 00:28:55]} {[%emt 00:06:32]} 16. c5 {[%clk 00:56:54]}
{[%emt 00:04:04]} Rf7 {[%clk 00:24:49]} {[%emt 00:04:36]} 17. cxd6 {[%clk
00:42:51]} {[%emt 00:14:33]} Rd7 {[%clk 00:24:28]} {[%emt 00:00:51]} 18. Ba3
{[%clk 00:42:22]} {[%emt 00:00:59]} Bf8 {[%clk 00:21:28]} {[%emt 00:03:31]} 19.
Nd5 {[%clk 00:36:19]} {[%emt 00:06:33]} Ne4 {[%clk 00:18:37]} {[%emt 00:03:21]}
20. Qb2 {[%clk 00:35:29]} {[%emt 00:01:19]} Ncxd6 {[%clk 00:15:56]} {[%emt
00:03:11]} 21. Qxe5 {[%clk 00:34:28]} {[%emt 00:01:31]} Nf7 {[%clk 00:15:32]}
{[%emt 00:00:54]} 22. Qe6 {[%clk 00:33:09]} {[%emt 00:01:49]} Bxa3 {[%clk
00:14:40]} {[%emt 00:01:22]} 23. Ne7+ {[%clk 00:33:11]} {[%emt 00:00:27]} Qxe7
{[%clk 00:13:14]} {[%emt 00:01:56]} 24. Qxd7 {[%clk 00:33:36]} {[%emt
00:00:06]} Qxd7 {[%clk 00:11:56]} {[%emt 00:01:49]} 25. Rxd7 {[%clk 00:34:04]}
Nc5 {[%clk 00:11:10]} {[%emt 00:01:16]} 26. Rd5 {[%clk 00:32:11]} {[%emt
00:02:24]} Rc8 {[%clk 00:09:23]} {[%emt 00:02:15]} 27. Nd4 {[%clk 00:25:55]}
{[%emt 00:06:46]} Kf8 {[%clk 00:07:39]} {[%emt 00:02:14]} 28. f3 {[%clk
00:18:07]} {[%emt 00:08:19]} Ke7 {[%clk 00:07:09]} {[%emt 00:01:00]} 29. Rd1
{[%clk 00:16:34]} {[%emt 00:02:03]} Ne6 {[%clk 00:05:06]} {[%emt 00:02:33]} 30.
Ne2 {[%clk 00:09:51]} {[%emt 00:07:13]} Rc2 {[%clk 00:04:02]} {[%emt 00:01:34]}
31. R1d2 {[%clk 00:09:04]} {[%emt 00:01:17]} Rc7 {[%clk 00:04:18]} {[%emt
00:00:14]} 32. Nf4 {[%clk 00:06:48]} {[%emt 00:02:46]} Nxf4+ {[%clk 00:03:30]}
{[%emt 00:01:19]} 33. gxf4 {[%clk 00:07:11]} {[%emt 00:00:06]} Bb4 {[%clk
00:02:36]} {[%emt 00:01:24]} 34. Re2 {[%clk 00:07:08]} {[%emt 00:00:33]} Ke6
{[%clk 00:02:42]} {[%emt 00:00:24]} 35. Rd3 {[%clk 00:06:57]} {[%emt 00:00:41]}
Nd6 {[%clk 00:02:06]} {[%emt 00:01:07]} 36. h4 {[%clk 00:04:58]} {[%emt
00:02:28]} h6 {[%clk 00:01:58]} {[%emt 00:00:38]} 1/2-1/2

[Event "DEM U18w 2024"]
[Site "Willingen GER"]
[Date "2024.05.19"]
[Round "1"]
[White "Görlach, Hanna"]
[Black "Malmström, Eva"]
[Result "0-1"]
[Termination "normal"]
[Board "12"]
[WhiteElo "1578"]
[BlackElo "1792"]
[WhiteClock "00:01:54"]
[BlackClock "00:37:02"]
[PlyCount "68"]
[WhiteFideId "34675604"]
[BlackFideId "34607072"]
[EventCountry "GER"]
[EventRounds "9"]
[EventType "swiss"]
[EventDate "2024.05.18"]

1. d4 {[%clk 01:30:57]} {[%emt 00:00:02]} d5 {[%clk 01:30:54]} {[%emt
00:00:06]} 2. c4 {[%clk 01:31:20]} {[%emt 00:00:07]} e6 {[%clk 01:31:19]}
{[%emt 00:00:06]} 3. Nc3 {[%clk 01:31:13]} {[%emt 00:00:37]} Nf6 {[%clk
01:31:38]} {[%emt 00:00:11]} 4. cxd5 {[%clk 01:30:36]} {[%emt 00:01:08]} exd5
{[%clk 01:31:58]} {[%emt 00:00:09]} 5. Bg5 {[%clk 01:29:31]} {[%emt 00:01:35]}
Be7 {[%clk 01:32:10]} {[%emt 00:00:18]} 6. e3 {[%clk 01:28:14]} {[%emt
00:01:47]} O-O {[%clk 01:31:16]} {[%emt 00:01:24]} 7. Bd3 {[%clk 01:26:40]}
{[%emt 00:02:03]} h6 {[%clk 01:29:15]} {[%emt 00:02:32]} 8. Bh4 {[%clk
01:20:16]} {[%emt 00:06:53]} b6 {[%clk 01:27:22]} {[%emt 00:02:24]} 9. Qc2
{[%clk 00:54:07]} {[%emt 00:26:38]} Bb7 {[%clk 01:26:40]} {[%emt 00:01:12]} 10.
Nge2 {[%clk 00:47:52]} {[%emt 00:06:46]} c5 {[%clk 01:25:19]} {[%emt 00:01:51]}
11. Bxf6 {[%clk 00:38:20]} {[%emt 00:10:03]} Bxf6 {[%clk 01:24:01]} {[%emt
00:01:47]} 12. dxc5 {[%clk 00:35:28]} {[%emt 00:03:22]} bxc5 {[%clk 01:24:22]}
{[%emt 00:00:09]} 13. Rd1 {[%clk 00:30:56]} {[%emt 00:05:01]} Qa5 {[%clk
01:11:42]} {[%emt 00:13:11]} 14. Qb3 {[%clk 00:22:00]} {[%emt 00:09:23]} Bc6
{[%clk 01:05:09]} {[%emt 00:07:05]} 15. Qa3 {[%clk 00:16:12]} {[%emt 00:06:53]}
Qxa3 {[%clk 01:01:00]} {[%emt 00:05:04]} 16. bxa3 {[%clk 00:16:39]} {[%emt
00:00:05]} Nd7 {[%clk 01:00:19]} {[%emt 00:01:10]} 17. Bb5 {[%clk 00:16:16]}
{[%emt 00:00:53]} Bxb5 {[%clk 00:54:01]} {[%emt 00:06:48]} 18. Nxb5 {[%clk
00:16:43]} {[%emt 00:00:03]} Nb6 {[%clk 00:54:03]} {[%emt 00:00:27]} 19. Nc7
{[%clk 00:14:37]} {[%emt 00:02:36]} Rad8 {[%clk 00:53:33]} {[%emt 00:01:01]}
20. O-O {[%clk 00:12:32]} {[%emt 00:02:35]} Rd7 {[%clk 00:48:45]} {[%emt
00:05:17]} 21. Nb5 {[%clk 00:11:38]} {[%emt 00:01:25]} Nc4 {[%clk 00:45:45]}
{[%emt 00:03:28]} 22. Nf4 {[%clk 00:09:36]} {[%emt 00:02:31]} Rfd8 {[%clk
00:43:54]} {[%emt 00:02:22]} 23. Nh5 {[%clk 00:08:36]} {[%emt 00:01:32]} Bb2
{[%clk 00:41:55]} {[%emt 00:02:29]} 24. a4 {[%clk 00:08:09]} {[%emt 00:00:43]}
a6 {[%clk 00:40:15]} {[%emt 00:02:23]} 25. Rd3 {[%clk 00:06:50]} {[%emt
00:01:49]} axb5 {[%clk 00:39:09]} {[%emt 00:01:36]} 26. axb5 {[%clk 00:07:16]}
{[%emt 00:00:05]} Ra7 {[%clk 00:38:45]} {[%emt 00:00:54]} 27. Nf4 {[%clk
00:06:42]} {[%emt 00:01:04]} d4 {[%clk 00:38:30]} {[%emt 00:00:44]} 28. exd4
{[%clk 00:06:47]} {[%emt 00:00:27]} Rxd4 {[%clk 00:38:03]} {[%emt 00:00:56]}
29. Rxd4 {[%clk 00:06:05]} {[%emt 00:01:12]} cxd4 {[%clk 00:38:15]} {[%emt
00:00:18]} 30. Nd5 {[%clk 00:05:51]} {[%emt 00:00:44]} d3 {[%clk 00:37:03]}
{[%emt 00:01:41]} 31. b6 {[%clk 00:03:54]} {[%emt 00:02:28]} Rd7 {[%clk
00:36:38]} {[%emt 00:00:55]} 32. Nf4 {[%clk 00:02:47]} {[%emt 00:01:37]} d2
{[%clk 00:36:47]} {[%emt 00:00:20]} 33. b7 {[%clk 00:01:48]} {[%emt 00:01:30]}
Rxb7 {[%clk 00:37:02]} {[%emt 00:00:14]} 34. Nd3 {[%clk 00:01:54]} {[%emt
00:00:24]} Rd7 {[%clk 00:37:02]} {[%emt 00:00:30]} 0-1